000 00461 a2200169 4500
001 001553
003 OSt
005 20211102115915.0
008
082 _a338.5
_bH19M
100 1 _aHanderson, James M.
245 1 _aMicroeconomic theory: a mathematical approach
_cby James M. Handerson
260 _aNew Delhi
_bTata McGraw Hill
300 _a431p.
690 _aEconomics, Mathematical; Microeconomics
942 _2ddc
_cBK
999 _c40
_d40